LEADER 01407cam2-2200433---450- 001 990002120280203316 005 20170125113018.0 035 $a000212028 035 $aUSA01000212028 035 $a(ALEPH)000212028USA01 035 $a000212028 100 $a20041028d1981----km-y0itay0103----ba 101 $aita 102 $aIT 105 $a||||||||001yy 200 1 $a<<1.1>> : Delle persone e della famiglia$eil matrimonio$fFernando Santosuosso 205 $a2. ed. interamente riveduta e aggiornata 210 $aTorino$cUTET$d1981 215 $aXXIII, 1114 p.$d24 cm 461 1$1001000211992$12001 606 0 $aCodice civile$2BNCF 676 $a346 700 1$aSANTOSUOSSO,$bFernando$0228248 801 0$aIT$bsalbc$gISBD 912 $a990002120280203316 951 $aXXV.1.B. 698 1.1$b58164 G.$cXXV.1.B. 698$d00274416 951 $aXXV.1.B. 698 1.1b$b84249 G.$cXXV.1.B. 698$d393395 959 $aBK 969 $aGIU 979 $aSIAV7$b10$c20041028$lUSA01$h1306 979 $aRSIAV4$b90$c20100730$lUSA01$h1033 979 $aRSIAV4$b90$c20100730$lUSA01$h1033 979 $aRSIAV4$b90$c20100730$lUSA01$h1034 979 $aRSIAV4$b90$c20100730$lUSA01$h1137 979 $aCHIARA$b90$c20161221$lUSA01$h1136 979 $aCHIARA$b90$c20161221$lUSA01$h1140 979 $aCHIARA$b90$c20170125$lUSA01$h1130 996 $aDelle persone e della famiglia$91036860 997 $aUNISA LEADER 01194nam0-2200373---450 001 990005667570203316 005 20190403124958.0 035 $a000566757 035 $aUSA01000566757 035 $a(ALEPH)000566757USA01 035 $a000566757 100 $a20050411e19771772|||y0itaa50------ba 101 $aita 102 $ait 105 $a0 00||| 200 1 $aElogio storico del signor abate Antonio Genovesi, pubblico professore di civil economia nella Universita' di Napoli$f[G. M. Galanti] 205 $aRist. anast 210 $a[Napoli$cBibliopolis$d1977] 215 $a176, 61 p.$d20 cm 620 $dNAPOLI 676 $a195 700 1$aGALANTI,$bGiuseppe Maria$036576 702 1$aGENOVESI,$bAntonio$f<1713-1769> 801 0$aIT$bSA$c20111219 912 $a990005667570203316 950 0$aDipar.to di Filosofia - Salerno$dDFAA 195 GAL$e636 FIL 951 $aAA 195 GAL$b636 FIL 959 $aBK 969 $aFIL 979 $c20121027$lUSA01$h1525 979 $c20121027$lUSA01$h1615 996 $aElogio storico del signor abate Antonio Genovesi, pubblico professore di civil economia nella Università di Napoli$965964 997 $aUNISA NUM $aSA0013401